<?xml version="1.0" encoding="UTF-8"?><?xml-stylesheet type="text/xsl" href="static/style.xsl"?><OAI-PMH xmlns="http://www.openarchives.org/OAI/2.0/" xmlns:xsi="http://www.w3.org/2001/XMLSchema-instance" xsi:schemaLocation="http://www.openarchives.org/OAI/2.0/ http://www.openarchives.org/OAI/2.0/OAI-PMH.xsd"><responseDate>2026-06-29T02:40:13Z</responseDate><request verb="GetRecord" identifier="oai:docta.ucm.es:20.500.14352/103393" metadataPrefix="marc">https://docta.ucm.es/rest/oai/request</request><GetRecord><record><header><identifier>oai:docta.ucm.es:20.500.14352/103393</identifier><datestamp>2025-03-18T13:14:05Z</datestamp><setSpec>com_20.500.14352_14</setSpec><setSpec>col_20.500.14352_15</setSpec></header><metadata><record xmlns="http://www.loc.gov/MARC21/slim" xmlns:dcterms="http://purl.org/dc/terms/" xmlns:xsi="http://www.w3.org/2001/XMLSchema-instance" xmlns:doc="http://www.lyncode.com/xoai" xsi:schemaLocation="http://www.loc.gov/MARC21/slim http://www.loc.gov/standards/marcxml/schema/MARC21slim.xsd">
   <leader>00925njm 22002777a 4500</leader>
   <datafield ind2=" " ind1=" " tag="042">
      <subfield code="a">dc</subfield>
   </datafield>
   <datafield ind2=" " ind1=" " tag="720">
      <subfield code="a">Cantero-Bahillo, Emma</subfield>
      <subfield code="e">author</subfield>
   </datafield>
   <datafield ind2=" " ind1=" " tag="720">
      <subfield code="a">Navarro Del Hierro, Joaquín</subfield>
      <subfield code="e">author</subfield>
   </datafield>
   <datafield ind2=" " ind1=" " tag="720">
      <subfield code="a">Siles-Sánchez, María de las Nieves</subfield>
      <subfield code="e">author</subfield>
   </datafield>
   <datafield ind2=" " ind1=" " tag="720">
      <subfield code="a">Jaime, Laura</subfield>
      <subfield code="e">author</subfield>
   </datafield>
   <datafield ind2=" " ind1=" " tag="720">
      <subfield code="a">Santoyo, Susana</subfield>
      <subfield code="e">author</subfield>
   </datafield>
   <datafield ind2=" " ind1=" " tag="720">
      <subfield code="a">Martín, Diana</subfield>
      <subfield code="e">author</subfield>
   </datafield>
   <datafield ind2=" " ind1=" " tag="260">
      <subfield code="c">2024-02-12</subfield>
   </datafield>
   <datafield ind2=" " ind1=" " tag="520">
      <subfield code="a">Saponins, both steroidal and triterpenoid, exhibit distinct bioactivities. However, they are not commonly found together in natural sources; instead, sources tend to be rich in one type or another and mainly in the form of saponins rather than the sapogenin aglycones. Developing co-extracts containing both saponin or sapogenin types would be a strategy to harness their respective bioactivities, yielding multibioactive extracts. Therefore, this study evaluates the bioactivity (hypolipidemic, antioxidant, and anti-inflammatory activities) of co-extracts from fenugreek seeds (steroidal-rich saponins) and quinoa husk (triterpenoid-rich saponins), co-extracted at varying proportions, alongside their respective sapogenin-rich hydrolysates. Pancreatic lipase inhibition increased with fenugreek content in co-extracts, especially in sapogenin-rich variants. The latter substantially interfered with cholesterol bioaccessibility (90% vs. 15% in sapogenin-rich extracts). Saponin-rich co-extracts exhibited reduced cytokine release with increased fenugreek content, while sapogenin-rich counterparts showed greater reductions with higher quinoa husk content. Limited cellular antioxidant activities were observed in all extracts, with improved post-hydrolysis bioactivity. Therefore, simultaneous co-extraction of steroidal and triterpenoid sources, such as fenugreek and quinoa husk, as well as their subsequent hydrolysis, are innovative strategies for obtaining multibioactive natural extracts.</subfield>
   </datafield>
   <datafield ind1="8" ind2=" " tag="024">
      <subfield code="a">Cantero-Bahillo, E.; Navarro del Hierro, J.; de las Nieves Siles-Sánchez, M.; Jaime, L.; Santoyo, S.; Martin, D. Combination of Fenugreek and Quinoa Husk as Sources of Steroidal and Triterpenoid Saponins: Bioactivity of Their Co-Extracts and Hydrolysates. Foods 2024, 13, 562. https://doi.org/ 10.3390/foods13040562</subfield>
   </datafield>
   <datafield ind1="8" ind2=" " tag="024">
      <subfield code="a">2304-8158</subfield>
   </datafield>
   <datafield ind1="8" ind2=" " tag="024">
      <subfield code="a">10.3390/foods13040562</subfield>
   </datafield>
   <datafield ind1="8" ind2=" " tag="024">
      <subfield code="a">https://hdl.handle.net/20.500.14352/103393</subfield>
   </datafield>
   <datafield ind1="8" ind2=" " tag="024">
      <subfield code="a">https://doi.org/10.3390/foods13040562</subfield>
   </datafield>
   <datafield ind2="0" ind1="0" tag="245">
      <subfield code="a">Combination of Fenugreek and Quinoa Husk as Sources of Steroidal and Triterpenoid Saponins: Bioactivity of Their Co-Extracts and Hydrolysates</subfield>
   </datafield>
</record></metadata></record></GetRecord></OAI-PMH>